Partnership on paper: power struggles and strategic framing around industrial forestry in southern Costa Rica /
Este capítulo analiza los procesos políticos envueltos en el conflicto de la Península de Osa (Costa Rica), enfatizando en particular el marco estratégico o "venta del mensaje" por la compañía y sus oponentes. Se ocupa de los resultados de la lucha del poder por los recursos agrícolas y mi...
Salvato in:
| Autore principale: | |
|---|---|
| Natura: | testo |
| Soggetti: | |
| Tags: |
Aggiungi Tag
Nessun Tag, puoi essere il primo ad aggiungerne!!
|
MARC
| LEADER | 00000 a a2200000 04500 | ||
|---|---|---|---|
| 001 | 9155 | ||
| 003 | |||
| 040 | |||
| 100 | |a Hombergh, Heleen van den | ||
| 245 | |a Partnership on paper: power struggles and strategic framing around industrial forestry in southern Costa Rica / |c Heleen van den Hombergh | ||
| 520 | |a Este capítulo analiza los procesos políticos envueltos en el conflicto de la Península de Osa (Costa Rica), enfatizando en particular el marco estratégico o "venta del mensaje" por la compañía y sus oponentes. Se ocupa de los resultados de la lucha del poder por los recursos agrícolas y mira cómo obran recíprocamente con procesos deliberados del marco estratégico procurando resistencia y cambios en el proyecto de Stone Container (compañía) | ||
| 650 | |a INDUSTRIA FORESTAL | ||
| 650 | |a BOSQUES | ||
| 650 | |a INDUSTRIA DE LA PULPA Y EL PAPEL | ||
| 650 | |a CONFLICTOS SOCIALES | ||
| 650 | |a ASPECTOS POLITICOS | ||
| 650 | |a PENINSULA DE OSA | ||
| 650 | |a COSTA RICA | ||
| 773 | |g número 94; páginas 85-105 | ||
| 999 | |c 23445 |d 23445 | ||
